Perspektívy ekonomickej a obchodnej spolupráce EÚ s krajinami Západného Balkánu diplomová práca

Na minha lista:
Detalhes bibliográficos
Autor principal: Kurejová, Karin
Autor Corporativo: Obchodná fakulta EU. Katedra medzinárodného obchodu
Outros Autores: Ružeková, Viera, 1957-
Formato: Livro
Idioma:eslovaco
Publicado em: Bratislava 2021
Tags: Adicionar Tag
Sem tags, seja o primeiro a adicionar uma tag!

MARC

LEADER 00000nbm a2200000 4500
001 0274516
005 20220210094821.7
041 0 |a slo 
044 |a SK 
245 1 0 |a Perspektívy ekonomickej a obchodnej spolupráce EÚ s krajinami Západného Balkánu  |b diplomová práca  |c Karin Kurejová ; školiteľ: Viera Ružeková 
264 1 |a Bratislava  |c 2021 
300 |a 85 s. 
100 1 |a Kurejová, Karin 
700 1 |a Ružeková, Viera, 1957- 
710 2 |a Obchodná fakulta EU. Katedra medzinárodného obchodu